| 000 | 00539nam a2200145Ia 4500 | ||
|---|---|---|---|
| 008 | 151213s9999 xx 000 0 und d | ||
| 100 | _aফাহেতমা কাওসার। | ||
| 245 |
_aকায়কোবাদ কবি ও কবিতা। _cফাহেতমা কাওসার। |
||
| 260 |
_aঢাকা _bবাংলা একাডেমী। _c1998 |
||
| 300 | _a8728 p. | ||
| 650 | _aBangla | ||
| 650 | _aকবি ও কবিতা | ||
| 700 | _aফাহেতমা কাওসার। | ||
| 999 |
_c4514 _d4514 |
||